Haiti : First Review Under the Extended Credit Facility Arrangement-Staff Report; Staff Statement; Press Release on the Executive Board Discussion; and Statement by the Executive Director for Haiti.

The economy of Haiti is recovering despite the challenging international and domestic environments. The FY2011 budget appropriately supports the reconstruction objectives in a context of sustainable public financing. Monetary policy remains geared toward keeping inflation in the single digits. The s...

Повний опис

Бібліографічні деталі
Співавтор: International Monetary Fund
Формат: Журнал
Мова:English
Опубліковано: Washington, D.C. : International Monetary Fund, 2011.
Серія:IMF Staff Country Reports; Country Report ; No. 2011/106
Онлайн доступ:Full text available on IMF
LEADER 01838cas a2200241 a 4500
001 AALejournalIMF007182
008 230101c9999 xx r poo 0 0eng d
020 |c 5.00 USD 
020 |z 9781455286607 
022 |a 1934-7685 
040 |a BD-DhAAL  |c BD-DhAAL 
110 2 |a International Monetary Fund. 
245 1 0 |a Haiti :   |b First Review Under the Extended Credit Facility Arrangement-Staff Report; Staff Statement; Press Release on the Executive Board Discussion; and Statement by the Executive Director for Haiti. 
264 1 |a Washington, D.C. :  |b International Monetary Fund,  |c 2011. 
300 |a 1 online resource (56 pages) 
490 1 |a IMF Staff Country Reports 
500 |a <strong>Off-Campus Access:</strong> No User ID or Password Required 
500 |a <strong>On-Campus Access:</strong> No User ID or Password Required 
506 |a Electronic access restricted to authorized BRAC University faculty, staff and students 
520 3 |a The economy of Haiti is recovering despite the challenging international and domestic environments. The FY2011 budget appropriately supports the reconstruction objectives in a context of sustainable public financing. Monetary policy remains geared toward keeping inflation in the single digits. The structural reform agenda continues to focus on improving the business climate and promoting private sector-led growth. International assistance is critical to recovering from the 2010 earthquake in Haiti. Reconstruction is under way, albeit at a slower pace than envisaged. The humanitarian response from donors to the earthquake was quick and sizable. 
538 |a Mode of access: Internet 
830 0 |a IMF Staff Country Reports; Country Report ;  |v No. 2011/106 
856 4 0 |z Full text available on IMF  |u http://elibrary.imf.org/view/journals/002/2011/106/002.2011.issue-106-en.xml  |z IMF e-Library